=LDR 00000nam 2200000 4500 =001 INLIS000000000027136 =005 20130612125532 =008 ***********************************Ind** =035 ##$$0010-061300000027136 =041 ##$$a Ind =082 ##$$a 796.07 =090 ##$$a 796.07, Pen p =245 ##$$a Pendidikan jasmani, media berolah raga dan berprestasi untuk SD, Tri Hananto Budi Santoso...[et.al] =260 ##$$a 2005 $b Jakarta =300 ##$$a ...jil., 103 hlm, ilus, 26 cm =650 ##$$a Olahraga-Studi dan pengajaran =700 ##$$a Santoso, Tri Hananto Budi =850 ##$$a NBPNMAT